| 000 | 00897cam a2200253 a 4500 | ||
|---|---|---|---|
| 001 | 000018741 | ||
| 005 | 20200929165842.0 | ||
| 008 | 840809s1935 fr b 000 0afre d | ||
| 010 | _aac 36001747 | ||
| 035 | _a(DLC)ac 36001747 | ||
| 040 |
_aDO-SdBNP _bBNPHU _cDLC |
||
| 082 |
_a972.9403 _bD448v |
||
| 100 | 1 |
_aDescourtilz, M. E. _d1775-1835 _940441 |
|
| 245 | 1 | 0 |
_aVoyage d'un naturaliste en Haiti, 1799-1803 / _cM.E. Descourtilz. |
| 260 |
_aParis : _bLibrairie Plon, _c1935. |
||
| 300 |
_axxiv, 232 p. : _bmap. ; _c20 cm. |
||
| 490 | 1 | _aNouvelle bibliothèque des voyages; sous la direction de Jacques Boulenger | |
| 651 | 4 |
_aHaiti _xHistoria _98418 |
|
| 600 | 1 | 4 |
_aDESCOURTILZ, M.E. _q(MICHEL ETIENNE), _d1775-1835 _940442 |
| 700 | 1 |
_aBoulenger, Jacques, _d1879-1944. _940443 |
|
| 830 | 0 |
_aNouvelle bibliothèque des voyages _940444 |
|
| 910 | _aCatalogación derivada / LC | ||
| 049 | _aBNPHU | ||
| 999 |
_c18261 _d18261 |
||